| 000 | 00940 a2200301 4500 | ||
|---|---|---|---|
| 999 |
_c200454882 _d73094 |
||
| 001 | 200419079 | ||
| 003 | TR-AnTOB | ||
| 005 | 20231009170328.0 | ||
| 007 | ta | ||
| 008 | 140305s1992000 0 | ||
| 020 | _a975100490X | ||
| 040 |
_aTR-AnTOB _btur _erda _cTR-AnTOB |
||
| 041 | _atur | ||
| 050 | 0 | 0 | _aBF637.S8 |
| 090 |
_aBF637.S8 _bR5619 1992 TıpFaK |
||
| 100 |
_aRobbins, Anthony _910962 _eauthor |
||
| 245 | 1 | 0 |
_aSınırsız güç : _bKişisel başarıda zirveye ulaşmanın yolu / _cAnthony Robbins ; çeviri Mehmet Değirmenci |
| 246 | 1 | _aUnlimited power the new science of personal achievement | |
| 250 | _a6.baskı | ||
| 264 | 1 |
_aİstanbul : _bİnkılap Kitabevi, _c1992. |
|
| 300 |
_axxiv, 431 pages : _billustrations ; _c20 cm |
||
| 336 |
_atext _2rdacontent _btxt |
||
| 337 |
_aunmediated _2rdamedia _bn |
||
| 338 |
_avolume _2rdacarrier _bnc |
||
| 700 | 1 |
_aDeğirmenci, Mehmet _9143932 |
|
| 942 |
_cBK _2lcc |
||